000 00429nam a22001457u 4500
008 130405s1943 xxu||||| |||| 00| 0 spa d
041 _aspa
100 1 _aMaumigny, R. de
_926166
245 0 0 _aLa práctica de la oración mental
_b:Oración ordinaria, oración extraordinaria
_cR. de Maumigny
250 _a2ª ed.
260 _aMadrid:
_bEditorial Razón y Fe,
_c1943
300 _a524 p.
_c;15 cm.
942 _cBK
001 92214
999 _c249208
_d249208